000
00275nam a2200109Ia 4500
008
230907s9999||||xx |||||||||||||| ||und||
082
_a
658.4012
_b
MAR
100
_a
Marcus, Alfred Allen,
_9
116097
245
0
_a
Management strategy :
300
_a
xx, 248 pages ;
942
_c
BK
999
_c
601033
_d
601033